Foundations of electronics, circuits and devices (Record no. 9987)

000 -LEADER
fixed length control field 00582 a2200181 4500
020 ## - INTERNATIONAL STANDARD BOOK NUMBER
International Standard Book Number 0766840263
040 ## - CATALOGING SOURCE
Original cataloging agency DLC
Language of cataloging DLC
082 00 - DEWEY DECIMAL CLASSIFICATION NUMBER
Classification number 621.381
100 1# - MAIN ENTRY--PERSONAL NAME
Personal name Meade, Russell L.
245 10 - TITLE STATEMENT
Title Foundations of electronics, circuits and devices
Statement of responsibility, etc. Russell L. Meade, Robert Diffenderfer.
250 ## - EDITION STATEMENT
Edition statement 4th ed.
260 ## - PUBLICATION, DISTRIBUTION, ETC.
Place of publication, distribution, etc. Clifton Park, NY :
Name of publisher, distributor, etc. Thomson/Delmar Learning,
Date of publication, distribution, etc. c2003.
300 ## - PHYSICAL DESCRIPTION
Extent xxxii, 1152 p. :
Other physical details ill. (some col.) ;
Dimensions 26 cm. + 1 CD-ROM (4 3/4 in.)
500 ## - GENERAL NOTE
General note Includes index.
650 #0 - SUBJECT ADDED ENTRY--TOPICAL TERM
Topical term or geographic name entry element Electronics.
700 1# - ADDED ENTRY--PERSONAL NAME
Personal name Diffenderfer, Robert.
942 ## - ADDED ENTRY ELEMENTS (KOHA)
Koha item type Book
Call number prefix 621.381 MEA
Source of classification or shelving scheme
Holdings
Withdrawn status Lost status Damaged status Not for loan Collection code Permanent Location Current Location Shelving location Date acquired Source of acquisition Cost, normal purchase price Total Checkouts Full call number Barcode Date last seen Date last checked out Price effective from Koha item type
          Central Library (CL) Central Library (CL) General Stacks 10/16/2004 Progressive International Agencies 744.12 1 621.381 MEA SEECS004888 03/02/2014 02/02/2014 01/05/2017 Book
© 2023 Central Library, National University of Sciences and Technology. All Rights Reserved.